Statistiken für Liste der Bundesminister*innen (Kabinett Scholz) (Stand 19.01.2023)

Klicken Sie hier um das Quiz zu spielen!

Allgemein

  • Dieses Quiz wurde 92 mal gespielt
  • Das Durchschnittsergebnis liegt bei 12 aus 17

Antwortstatistiken

HintAntwort% Korrekt
Bundeskanzler*inOlaf Scholz
100%
FinanzenChristian Lindner
97%
AuswärtigesAnnalena Baerbock
94%
Wirtschaft und KlimaschutzRobert Habeck
92%
GesundheitKarl Lauterbach
86%
Ernährung und LandwirtschaftCem Özdemir
85%
VerteidigungBoris Pistorius
83%
Arbeit und SozialesHubertus Heil
76%
Inneres und HeimatNancy Faeser
73%
JustizMarco Buschmann
66%
Digitales und VerkehrVolker Wissing
65%
Familie, Senioren, Frauen und JugendLisa Paus
44%
Wirtschaftliche Zusammenarbeit und EntwicklungSvenja Schulze
42%
Wohnen, Stadtentwicklung und BauwesenKlara Geywitz
39%
Umwelt, Naturschutz, nukleare Sicherheit und VerbraucherschutzSteffi Lemke
39%
Bundesminister*in für besondere AufgabenWolfgang Schmidt
39%
Bildung und ForschungBettina Stark-Watzinger
34%

Verteilung der Resultate

Perzentil nach korrekt beantworteten Fragen

Anzahl Personen mit jedem Resultat

Ihre Resultats-Entwicklung

Sie haben dieses Quiz noch nicht gespielt